Money markets (Record no. 342753)

000 -LEADER
fixed length control field 00286 a2200121 4500
020 ## - INTERNATIONAL STANDARD BOOK NUMBER
International Standard Book Number 0852974418
090 ## - LOCALLY ASSIGNED LC-TYPE CALL NUMBER (OCLC); LOCAL CALL NUMBER (RLIN)
-- 179
-- 179
100 ## - MAIN ENTRY--PERSONAL NAME
Personal name Brain Coyle
245 ## - TITLE STATEMENT
Title Money markets
260 ## - PUBLICATION, DISTRIBUTION, ETC.
Place of publication, distribution, etc. Canterbury
Name of publisher, distributor, etc. Finanical world publishing
Date of publication, distribution, etc. 2001
300 ## - PHYSICAL DESCRIPTION
Extent 153 P
942 ## - ADDED ENTRY ELEMENTS (KOHA)
Institution code [OBSOLETE] NBS
Koha item type Book
Call number prefix 658.15 COY
Holdings
Withdrawn status Lost status Damaged status Not for loan Permanent Location Current Location Date acquired Total Checkouts Full call number Barcode Date last seen Date last checked out Price effective from Koha item type
        Central Library (CL) Central Library (CL) 08/28/2013 1 658.15 COY NBS5561 07/17/2023 10/15/2018 08/28/2013 Book
© 2023 Central Library, National University of Sciences and Technology. All Rights Reserved.